|
|
|
|
| LEADER |
00000nam0a2200000 4500 |
| 001 |
180757 |
| 005 |
20231031170850.0 |
| 035 |
|
|
|a (RuTPU)RU\TPU\book\195953
|
| 090 |
|
|
|a 180757
|
| 100 |
|
|
|a 20100525d1928 km y0rusy50 ca
|
| 101 |
0 |
|
|a rus
|
| 102 |
|
|
|a RU
|
| 105 |
|
|
|a a z 000zy
|
| 200 |
1 |
|
|a Материалы Авиа-Техники
|h Отдел III: Вспомогательные и эксплоатационные материалы
|f А. Гуляев
|
| 210 |
|
|
|a Ленинград
|d 1928
|
| 215 |
|
|
|a 216 с.
|c ил.
|
| 300 |
|
|
|a В заглавии сохранено написание слова эксплуатационный.
|
| 518 |
1 |
|
|a Отдел III: Вспомогательные и эксплуатационные материалы
|z rus
|
| 610 |
1 |
|
|a авиационные материалы
|
| 610 |
1 |
|
|a ткани
|
| 610 |
1 |
|
|a каучук
|
| 610 |
1 |
|
|a каучукоподобные материалы
|
| 610 |
1 |
|
|a слюда
|
| 610 |
1 |
|
|a фибра
|
| 610 |
1 |
|
|a стекло
|
| 610 |
1 |
|
|a изоляционные материалы
|
| 610 |
1 |
|
|a сварочные материалы
|
| 610 |
1 |
|
|a клеи
|
| 610 |
1 |
|
|a металлы
|
| 610 |
1 |
|
|a защита от окисления
|
| 610 |
1 |
|
|a краски
|
| 610 |
1 |
|
|a лаки
|
| 610 |
1 |
|
|a кожа
|
| 610 |
1 |
|
|a моторное топливо
|
| 610 |
1 |
|
|a горючее
|
| 610 |
1 |
|
|a смазочные материалы
|
| 610 |
1 |
|
|a вода
|
| 675 |
|
|
|a 629.73.002.3
|v 3
|
| 700 |
|
1 |
|a Гуляев
|b А.
|
| 801 |
|
1 |
|a RU
|b 63413507
|c 20100525
|
| 801 |
|
2 |
|a RU
|b 63413507
|c 20141224
|g RCR
|
| 942 |
|
|
|c BK
|